000 00524nam a2200169 i 4500
001 58650
003 ES-MaACL
005 20230906163844.0
007 t|
008 031023s1959 sp ||||1| spa d
100 0 _aEbersole, Alva V.
_946472
245 1 3 _aEl ambiente español visto por Juan Ruiz de Alarcón /
_cAlva V. Ebersole.
260 _a[Valencia] :
_bCastalia,
_c1959 (
_fImp. Moderna)
300 _a193 p. ;
_c25 cm.
600 0 4 _aRuiz de Alarcón y Mendoza, Juan.
_9100719
852 _aES-MaACL
_jC-17618
_bR.45296
999 _c58650
_d58650